[Event "4th Al Ain Chess Classic"]
[Site "Al-Ain UAE"]
[Date "2015.12.23"]
[Round "1.26"]
[White "Mohannad, Farhan"]
[Black "Andriasian, Zaven"]
[Result "0-1"]
[WhiteTitle "FM"]
[BlackTitle "GM"]
[WhiteElo "2253"]
[BlackElo "2594"]
[WhiteFideId "8100918"]
[BlackFideId "13302000"]
[EventDate "2015.12.23"]

1. d4 g6 2. c4 Bg7 3. e4 d6 4. Nc3 e5 5. d5 Ne7 6. Bg5 f6 7. Bh4 O-O 8. Nf3 h5
9. h3 a5 10. Be2 Na6 11. Nd2 Bd7 12. g4 hxg4 13. hxg4 Kf7 14. Bg3 Rh8 15. Rf1
Bh6 16. f4 exf4 17. Bxf4 Bxf4 18. Rxf4 Rh1+ 19. Nf1 Qh8 20. g5 f5 21. Qd2 a4 22.
Bf3 Rh4 23. O-O-O Rxf4 24. Qxf4 a3 25. Re1 axb2+ 26. Kxb2 Nb4 27. Qe3 Rxa2+ 28.
Kb1 Nc2 29. Nxa2 Nxe3 30. Rxe3 Qd4 31. Rc3 Qf2 0-1

[Event "4th Al Ain Chess Classic"]
[Site "Al-Ain UAE"]
[Date "2015.12.23"]
[Round "1.27"]
[White "Parligras, Mircea-Emilian"]
[Black "Ashwath, R."]
[Result "1-0"]
[WhiteTitle "GM"]
[WhiteElo "2586"]
[BlackElo "2252"]
[WhiteFideId "1204297"]
[BlackFideId "5021049"]
[EventDate "2015.12.23"]

1. d4 Nf6 2. c4 e6 3. Nf3 d5 4. Nc3 Bb4 5. Qa4+ Nc6 6. e3 O-O 7. Qc2 dxc4 8.
Bxc4 a6 9. O-O Bd6 10. a3 e5 11. h3 Qe7 12. d5 Nb8 13. e4 h6 14. Be3 Nh5 15. Qd1
f5 16. Nxe5 Qxe5 17. f4 Qe8 18. e5 Nd7 19. Bd4 Bc5 20. d6+ Kh7 21. dxc7 Qg6 22.
e6 Bxd4+ 23. Qxd4 Ndf6 24. Rae1 b5 25. Bd5 Nxd5 26. Qxd5 Ra7 27. Qc5 Bb7 28. Rf2
Raa8 29. Qb6 Be4 30. Nxe4 fxe4 31. f5 Rxf5 32. Rxf5 Qxf5 33. e7 Nf4 34. Qc6
Nxh3+ 35. gxh3 Qg5+ 36. Kh1 Qg3 37. Qxe4+ g6 38. Re3 Qxc7 39. e8=Q Qc1+ 40. Re1 1-0

[Event "4th Al Ain Chess Classic"]
[Site "Al-Ain UAE"]
[Date "2015.12.23"]
[Round "1.28"]
[White "Gabuzyan, Hovhannes"]
[Black "Mkrtchyan, Sargis R."]
[Result "1-0"]
[WhiteTitle "GM"]
[WhiteElo "2585"]
[BlackElo "2236"]
[WhiteFideId "13303732"]
[BlackFideId "13307878"]
[EventDate "2015.12.23"]

1. Nf3 d5 2. g3 g6 3. Bg2 Bg7 4. O-O e5 5. c4 dxc4 6. Na3 Ne7 7. Nxc4 Nbc6 8. d3
O-O 9. Bd2 Nd5 10. Rc1 Re8 11. Re1 h6 12. Qb3 Nb6 13. Na5 Nxa5 14. Bxa5 Be6 15.
Qc2 Rc8 16. Bc3 Bd7 17. Nd2 c6 18. Ne4 Qe7 19. Ba5 Nd5 20. Qc5 b6 21. Qxe7 Rxe7
22. Bd2 c5 23. a3 1-0

[Event "4th Al Ain Chess Classic"]
[Site "Al-Ain UAE"]
[Date "2015.12.23"]
[Round "1.29"]
[White "Sindarov, Javokhir"]
[Black "Kovchan, Alexander"]
[Result "0-1"]
[WhiteTitle "CM"]
[BlackTitle "GM"]
[WhiteElo "2224"]
[BlackElo "2583"]
[WhiteFideId "14205483"]
[BlackFideId "14103052"]
[EventDate "2015.12.23"]

1. e4 d5 2. exd5 Qxd5 3. Nc3 Qd6 4. d4 g6 5. Bc4 Nf6 6. Nge2 a6 7. Bf4 Qd8 8.
O-O Bg7 9. Ng3 O-O 10. Nce4 Nxe4 11. Nxe4 b5 12. Bb3 Qxd4 13. Qxd4 Bxd4 14. c3
Bg7 15. Nc5 c6 16. Rfe1 e6 17. Rad1 a5 18. Bc2 b4 19. Na4 Re8 20. Be4 e5 21. Be3
Bf5 22. f3 Bxe4 23. fxe4 Na6 24. Rd6 bxc3 25. bxc3 Bf8 26. Rd7 f5 27. Red1 fxe4
28. h3 Re6 29. Kh2 c5 30. Rb7 Re7 31. Rb6 Rf7 32. Rd5 Nc7 33. Rxe5 Rf5 34. Rxe4
Nd5 35. Rc6 Nxe3 36. Rxe3 Rd8 37. Rf3 Rg5 38. Nb6 Rd2 39. Rg3 Rf5 40. Nc4 Rxa2
41. Rd3 Rff2 42. Ne3 a4 43. c4 Rfb2 44. Rd5 Re2 45. Re5 Ra3 46. Ng4 Rxe5 47.
Nxe5 Rc3 48. Rc8 Kg7 49. Rc7+ Kh6 50. Nf7+ Kh5 51. Rd7 g5 52. Ne5 Kh6 53. Ra7 a3
54. Ra6+ Kg7 55. Ra7+ Kg8 56. Ra8 a2 57. Nd7 a1=Q 58. Rxa1 Bd6+ 59. Kg1 Rxc4 60.
Ra7 Rf4 61. Ra5 Rc4 62. Ra7 Rf4 63. Ra5 c4 64. Rxg5+ Kf7 65. Ne5+ Kf6 66. Nxc4
Rxc4 67. Ra5 Bc5+ 68. Kh2 Bd6+ 69. Kg1 Bc5+ 70. Kh2 Rc1 71. Kg3 Kf5 72. Kf3 Rc3+
73. Ke2 Ke4 74. Ra2 Rc1 75. Ra5 Rc2+ 76. Kd1 Kd3 77. Rb5 Bd4 78. Rg5 Ra2 0-1

[Event "4th Al Ain Chess Classic"]
[Site "Al-Ain UAE"]
[Date "2015.12.23"]
[Round "1.30"]
[White "Parvanyan, Ashot"]
[Black "Sengupta, Deep"]
[Result "1/2-1/2"]
[BlackTitle "GM"]
[WhiteElo "2197"]
[BlackElo "2563"]
[WhiteFideId "13307550"]
[BlackFideId "5008352"]
[EventDate "2015.12.23"]

1. e4 e6 2. d4 d5 3. Nc3 Bb4 4. e5 c5 5. dxc5 Ne7 6. Nf3 Nbc6 7. Bd3 Ng6 8. O-O
O-O 9. Bg5 Qa5 10. Nb5 Bxc5 11. c3 Qb6 12. b4 Be7 13. Bxe7 Ncxe7 14. Qd2 Bd7 15.
Nbd4 Rfc8 16. Rac1 a6 17. h4 h6 18. h5 Nf8 19. g4 Qd8 20. g5 hxg5 21. Qxg5 Nc6
22. Qg3 Nxd4 23. Nxd4 Bb5 24. Bxb5 axb5 25. Kh2 f5 26. Rg1 Rc7 27. Nxb5 Rd7 28.
Rc2 g6 29. hxg6 Rg7 30. Qg5 Qxg5 31. Rxg5 Rxg6 32. Rxg6+ Nxg6 33. Nc7 Rc8 34.
Nxe6 Nxe5 35. Kg3 Kf7 36. Nd4 Kf6 37. f4 Rg8+ 38. Kf2 Nd3+ 39. Kf1 Nxf4 40. Rf2
Rg4 41. Rf3 Rh4 42. a4 Kg5 43. Rg3+ Kf6 44. Rf3 1/2-1/2

[Event "4th Al Ain Chess Classic"]
[Site "Al-Ain UAE"]
[Date "2015.12.23"]
[Round "1.31"]
[White "Jayakumaar S"]
[Black "Vaibhav, Suri"]
[Result "0-1"]
[BlackTitle "GM"]
[WhiteElo "2169"]
[BlackElo "2552"]
[WhiteFideId "5090997"]
[BlackFideId "5045185"]
[EventDate "2015.12.23"]

1. e4 c5 2. Nf3 e6 3. b3 a6 4. c4 Nc6 5. Bb2 Nf6 6. Nc3 e5 7. Nd5 d6 8. d3 g6 9.
Be2 Bg7 10. O-O O-O 11. Nd2 Rb8 12. a4 Ne8 13. Bc3 a5 14. Qc2 Nc7 15. Nxc7 Qxc7
16. Nb1 f5 17. Na3 f4 18. Qd2 Be6 19. Nb5 Qd8 20. f3 b6 21. Bb2 Bf6 22. Nc3 Bh4
23. Bd1 Rb7 24. Ne2 Rg7 25. g3 fxg3 26. hxg3 Bg5 27. f4 Rgf7 28. Bc2 exf4 29.
Nxf4 Bxf4 30. Rxf4 Qg5 31. Rxf7 Qxd2 32. Rg7+ Kh8 33. Rf7+ Nd4 34. Bxd4+ cxd4
35. Rxf8+ Kg7 36. Rf2 Qe3 37. Rf1 Bh3 38. g4 Kh6 0-1

[Event "4th Al Ain Chess Classic"]
[Site "Al-Ain UAE"]
[Date "2015.12.23"]
[Round "1.32"]
[White "Bajarani, Ulvi"]
[Black "Mammadova, Narmin"]
[Result "1-0"]
[WhiteTitle "GM"]
[BlackTitle "WCM"]
[WhiteElo "2551"]
[BlackElo "2167"]
[WhiteFideId "13403028"]
[BlackFideId "13403710"]
[EventDate "2015.12.23"]

1. d4 d5 2. c4 c6 3. Nf3 Nf6 4. e3 g6 5. Nc3 Bg7 6. Be2 O-O 7. O-O dxc4 8. Bxc4
Bg4 9. Be2 Nbd7 10. Qb3 Qc7 11. h3 Be6 12. Qd1 Nb6 13. e4 Rad8 14. Qc2 Bc8 15.
Bg5 a6 16. Rad1 h6 17. Be3 Kh7 18. Rfe1 Be6 19. b3 Nfd7 20. Bd3 Rfe8 21. Ne2 Nf8
22. Bf4 Qc8 23. Be5 Bxe5 24. Nxe5 Nbd7 25. Nf3 Nf6 26. Nf4 Qb8 27. Qc1 Kg7 28.
Bc4 g5 29. Nd3 Bxc4 30. bxc4 Ng6 31. Qb2 b5 32. Rc1 Nf4 33. Nde5 Rc8 34. Qb3 e6
35. c5 Qc7 36. h4 Rh8 37. hxg5 hxg5 38. Nxg5 Rh5 39. Qg3 Rxg5 40. Qxg5+ Ng6 41.
Nxg6 fxg6 42. g3 Rh8 43. Kg2 Rh5 44. Qd2 Qd8 45. f3 1-0

[Event "4th Al Ain Chess Classic"]
[Site "Al-Ain UAE"]
[Date "2015.12.23"]
[Round "1.33"]
[White "Pujari, Rucha"]
[Black "Ghosh, Diptayan"]
[Result "0-1"]
[WhiteTitle "WFM"]
[BlackTitle "IM"]
[WhiteElo "2158"]
[BlackElo "2550"]
[WhiteFideId "5024528"]
[BlackFideId "5045207"]
[EventDate "2015.12.23"]

1. d4 d5 2. c4 c6 3. cxd5 cxd5 4. Nc3 Nf6 5. Bf4 Nc6 6. e3 a6 7. Bd3 Bg4 8. f3
Bh5 9. Qb3 Ra7 10. Nge2 e6 11. O-O Be7 12. Rac1 O-O 13. Na4 Nd7 14. a3 Bg6 15.
Bxg6 hxg6 16. Qc2 Ra8 17. b4 Rc8 18. Qd3 Nb6 19. Nxb6 Qxb6 20. Nc3 Na7 21. Na4
Qb5 22. Qxb5 Nxb5 23. Nb6 Rxc1 24. Rxc1 g5 25. Nc8 Bxb4 26. axb4 gxf4 27. exf4
Nxd4 28. Rc7 Ne2+ 29. Kf1 Nxf4 30. Ne7+ Kh7 31. Rxb7 Rd8 32. Nc6 Rd6 33. Ne5 f6
34. Nd7 Kh6 35. g3 Nd3 36. Nc5 Nxc5 37. bxc5 Rc6 38. Rb6 Rxc5 39. Rxe6 a5 40. h4
Rc1+ 41. Kg2 d4 42. Rd6 Rc4 43. Kf2 a4 44. Ke2 a3 45. Ra6 Rc2+ 46. Kd3 Rc3+ 47.
Ke2 Rc2+ 48. Kd3 Rf2 49. Ke4 a2 50. g4 Rd2 51. Kf4 Re2 52. Kf5 d3 53. Ra8 Re5+
54. Kf4 d2 55. g5+ Kh7 56. gxf6 gxf6 57. Ra7+ Kh6 0-1

[Event "4th Al Ain Chess Classic"]
[Site "Al-Ain UAE"]
[Date "2015.12.23"]
[Round "1.34"]
[White "Malakhatko, Vadim"]
[Black "Khalafova, Narmin"]
[Result "1-0"]
[WhiteTitle "GM"]
[BlackTitle "WIM"]
[WhiteElo "2531"]
[BlackElo "2138"]
[WhiteFideId "14104202"]
[BlackFideId "13402625"]
[EventDate "2015.12.23"]

1. c4 e5 2. Nc3 Nf6 3. e3 d5 4. cxd5 Nxd5 5. Nf3 Nxc3 6. bxc3 Bd6 7. d4 Nd7 8.
Be2 O-O 9. O-O Qe7 10. Nd2 Ba3 11. Bxa3 Qxa3 12. Nc4 Qe7 13. a4 b6 14. Bf3 e4
15. Be2 Nf6 16. Ne5 Nd7 17. Nc4 Ba6 18. a5 Rfb8 19. Qc2 Qe6 20. Qa2 c5 21. Rfd1
b5 22. Na3 c4 23. Nc2 Nf6 24. Nb4 Nd5 25. Nxd5 Qxd5 26. Qa3 Bc8 27. a6 Rb6 28.
Qc5 Qd6 29. Ra5 Bd7 30. Qxd6 Rxd6 31. f3 Re8 32. Kf2 f5 33. fxe4 fxe4 34. Kg1 g6
35. h3 Kg7 36. Bg4 Bxg4 37. hxg4 Rb8 38. Rb1 Rdb6 39. g5 h6 40. gxh6+ Kxh6 41.
Kf2 Rf8+ 42. Kg3 Rf5 1-0

[Event "4th Al Ain Chess Classic"]
[Site "Al-Ain UAE"]
[Date "2015.12.23"]
[Round "1.35"]
[White "Wafa, Shrook"]
[Black "Zeng, Chongsheng"]
[Result "0-1"]
[WhiteTitle "WGM"]
[BlackTitle "GM"]
[WhiteElo "2115"]
[BlackElo "2530"]
[WhiteFideId "10609970"]
[BlackFideId "8603847"]
[EventDate "2015.12.23"]

1. e4 c6 2. d4 d5 3. Nc3 dxe4 4. Nxe4 Bf5 5. Ng3 Bg6 6. Nf3 Nd7 7. h4 h6 8. Bd3
Bxd3 9. Qxd3 e6 10. Be3 Ngf6 11. O-O-O Be7 12. Ne4 O-O 13. Nxf6+ Nxf6 14. Ne5
Bd6 15. Kb1 Qc7 16. Nc4 Be7 17. Qd2 c5 18. Bf4 Qc6 19. Ne5 Qd5 20. Bxh6 gxh6 21.
Qxh6 Qe4 22. Qg5+ Kh7 23. Nd7 Nxd7 24. Qxe7 Nb6 25. Rhe1 Qg6 26. h5 Qf5 27. dxc5
Nd5 28. Qd7 Rad8 29. Qa4 Rg8 30. g3 Rg4 31. Qxa7 Rc4 32. Qxb7 Qxc2+ 33. Ka1 Rb4
34. Qxf7+ Kh8 35. Rb1 Ra8 36. Re3 Rxa2+ 37. Kxa2 Ra4+ 38. Ra3 Nc3+ 0-1

[Event "4th Al Ain Chess Classic"]
[Site "Al-Ain UAE"]
[Date "2015.12.23"]
[Round "1.36"]
[White "Gopal, G.N."]
[Black "Hakobyan, Hovhannes H."]
[Result "1-0"]
[WhiteTitle "GM"]
[WhiteElo "2525"]
[BlackElo "2112"]
[WhiteFideId "5015693"]
[BlackFideId "13306308"]
[EventDate "2015.12.23"]

1. e4 c5 2. Nf3 Nc6 3. Bb5 g6 4. Bxc6 dxc6 5. d3 Bg7 6. h3 e5 7. O-O Ne7 8. a4
h6 9. a5 Be6 10. Be3 b6 11. b4 cxb4 12. axb6 a5 13. Nbd2 f5 14. Nb3 O-O 15. Nxa5
g5 16. Bc5 g4 17. hxg4 fxg4 18. Nh4 Bf6 19. Bxe7 Qxe7 20. Ng6 1-0

[Event "4th Al Ain Chess Classic"]
[Site "Al-Ain UAE"]
[Date "2015.12.23"]
[Round "1.37"]
[White "Algildah, Khalid"]
[Black "Neverov, Valeriy"]
[Result "0-1"]
[WhiteTitle "FM"]
[BlackTitle "GM"]
[WhiteElo "2086"]
[BlackElo "2516"]
[WhiteFideId "7600828"]
[BlackFideId "14100150"]
[EventDate "2015.12.23"]

1. e4 c5 2. Nc3 Nc6 3. Bb5 Nd4 4. Nf3 Nxb5 5. Nxb5 d6 6. d4 Bd7 7. Nc3 cxd4 8.
Qxd4 e5 9. Qd3 h6 10. Nd2 Nf6 11. Nc4 Qc7 12. Bd2 Be7 13. O-O O-O 14. Rac1 Rac8
15. Ne3 Be6 16. b3 Qc5 17. Rfd1 a6 18. a4 Bd8 19. Ncd5 Nxd5 20. exd5 Bd7 21. Nf5
Bxf5 22. Qxf5 g6 23. Qh3 Bg5 24. Bxg5 hxg5 25. c4 Kg7 26. Rc2 f5 27. Qe3 Qxe3
28. fxe3 b5 29. axb5 axb5 30. Rdc1 bxc4 31. Rxc4 Rb8 32. Rc7+ Kh6 33. Rd7 Rxb3
34. e4 Rb6 35. h3 g4 36. exf5 g3 37. fxg6 Kxg6 38. Rf1 Rxf1+ 39. Kxf1 Kf5 40.
Rf7+ Ke4 41. Rf3 Rb1+ 42. Ke2 Rb2+ 43. Kf1 Kxd5 44. Rxg3 e4 45. h4 Kd4 46. Ra3
Rb1+ 47. Kf2 Rh1 48. g3 d5 49. Kg2 Rb1 50. Ra8 e3 51. Re8 Kd3 52. h5 e2 0-1

[Event "4th Al Ain Chess Classic"]
[Site "Al-Ain UAE"]
[Date "2015.12.23"]
[Round "1.38"]
[White "Libiszewski, Fabien"]
[Black "Mammadov, Gulam"]
[Result "1-0"]
[WhiteTitle "GM"]
[WhiteElo "2515"]
[BlackElo "2086"]
[WhiteFideId "616834"]
[BlackFideId "13404040"]
[EventDate "2015.12.23"]

1. e4 c5 2. Nf3 d6 3. Bb5+ Bd7 4. Bxd7+ Qxd7 5. O-O Nc6 6. c3 Nf6 7. Re1 g6 8.
d4 cxd4 9. cxd4 Bg7 10. Nc3 O-O 11. d5 Nb4 12. Be3 Na6 13. Bd4 Qc7 14. Rc1 Bh6
15. Rc2 Nb4 16. Rce2 Qc4 17. Qa4 a5 18. a3 b5 19. Nxb5 Rfb8 20. Nxd6 exd6 21.
Bxf6 Qa2 22. Bc3 Nd3 23. Qd4 Ne5 24. Nxe5 Bg7 25. Qc4 1-0

[Event "4th Al Ain Chess Classic"]
[Site "Al-Ain UAE"]
[Date "2015.12.23"]
[Round "1.39"]
[White "Rahul Srivatshav P"]
[Black "Vishnu Prasanna, V"]
[Result "1/2-1/2"]
[BlackTitle "GM"]
[WhiteElo "2086"]
[BlackElo "2514"]
[WhiteFideId "25059653"]
[BlackFideId "5030692"]
[EventDate "2015.12.23"]

1. d4 Nf6 2. c4 g6 3. Nc3 Bg7 4. e4 d6 5. Be2 O-O 6. Bg5 c5 7. d5 b5 8. cxb5 a6
9. bxa6 Bxa6 10. Nf3 Nbd7 11. O-O Qb6 12. Rb1 Rfb8 13. Nd2 Ne5 14. Kh1 Bxe2 15.
Qxe2 Qa6 16. Qxa6 Rxa6 17. f4 Nd3 18. Rf3 Ng4 19. Nd1 f6 20. Bh4 Nb4 21. h3 Nh6
22. Ra3 Nf7 23. Nc4 Bh6 24. Be1 Raa8 25. Bd2 f5 26. exf5 Nxd5 27. fxg6 hxg6 28.
g3 Rxa3 29. Nxa3 e5 30. Nc3 Nxc3 31. Bxc3 exf4 32. gxf4 Bxf4 33. Rd1 Ng5 34. Kg2
Kf7 35. Nc4 Ke6 36. Rf1 Be5 1/2-1/2

[Event "4th Al Ain Chess Classic"]
[Site "Al-Ain UAE"]
[Date "2015.12.23"]
[Round "1.40"]
[White "Kunte, Abhijit"]
[Black "Sameir, Ramez"]
[Result "1-0"]
[WhiteTitle "GM"]
[WhiteElo "2507"]
[BlackElo "2080"]
[WhiteFideId "5002265"]
[BlackFideId "10606017"]
[EventDate "2015.12.23"]

1. d4 e6 2. c4 d5 3. Nf3 Nf6 4. g3 c6 5. Bg2 Bd6 6. O-O O-O 7. Nc3 Nbd7 8. Nd2
Re8 9. e4 dxe4 10. Ndxe4 Nxe4 11. Nxe4 Be7 12. Qc2 e5 13. Rd1 Qc7 14. c5 Nf6 15.
Re1 Be6 16. dxe5 Qxe5 17. Bf4 Qf5 18. Rac1 Nd5 19. Bd2 Rad8 20. Qa4 a6 21. Ba5
Rd7 22. Rcd1 Qg6 23. Nd6 b5 24. Qa3 Rb8 25. Be4 f5 26. Bg2 b4 27. Qa4 Bxd6 28.
cxd6 Rb5 29. Bc7 a5 30. Qxb5 cxb5 31. Rxe6 Nxc7 32. Rxg6 hxg6 33. Bc6 Rd8 34.
dxc7 1-0

[Event "4th Al Ain Chess Classic"]
[Site "Al-Ain UAE"]
[Date "2015.12.23"]
[Round "1.41"]
[White "Anisuzzaman, Jewel"]
[Black "Riff, Jean-Noel"]
[Result "1/2-1/2"]
[BlackTitle "GM"]
[WhiteElo "2078"]
[BlackElo "2507"]
[WhiteFideId "10204695"]
[BlackFideId "611190"]
[EventDate "2015.12.23"]

1. e4 c5 2. Nf3 d6 3. Be2 Nf6 4. Nc3 e6 5. d4 cxd4 6. Nxd4 Be7 7. O-O O-O 8. Be3
Nc6 9. f4 e5 10. Nxc6 bxc6 11. Kh1 exf4 12. Bxf4 Be6 13. Bf3 Qc7 14. Qe1 Nd7 15.
Qg3 Ne5 16. Rad1 Rfd8 17. b3 Bf6 18. Na4 Qe7 19. Qf2 Ng6 20. Be3 Be5 21. c4 c5
22. Rd2 Bd7 23. Nb2 Bc6 24. Nd3 a5 25. Rfd1 a4 26. Nxe5 Nxe5 27. Bf4 Qe6 28.
bxa4 Rxa4 29. Bxe5 Qxe5 30. Qg3 f6 31. Qxe5 fxe5 32. h3 1/2-1/2

[Event "4th Al Ain Chess Classic"]
[Site "Al-Ain UAE"]
[Date "2015.12.23"]
[Round "1.42"]
[White "Abucejo, Armel N"]
[Black "Arencibia Rodriguez, Walter"]
[Result "0-1"]
[BlackTitle "GM"]
[WhiteElo "2032"]
[BlackElo "2501"]
[WhiteFideId "5213266"]
[BlackFideId "3500012"]
[EventDate "2015.12.23"]

1. Nf3 d5 2. c4 e6 3. g3 dxc4 4. Bg2 Nf6 5. O-O c6 6. a4 Nbd7 7. Qc2 e5 8. Qxc4
Bd6 9. Na3 O-O 10. b3 Nc5 11. Qc2 e4 12. Ng5 h6 13. Nxe4 Ncxe4 14. Bxe4 Nxe4 15.
Qxe4 Re8 16. Qf3 Bh3 17. Re1 Be5 18. Rb1 Qd7 19. Nc4 Bg4 20. Qg2 Bd4 21. Ne3
Bxe3 22. dxe3 Bh3 23. Qf3 Rad8 24. Bb2 Bf5 25. Rbc1 Qe6 26. Bd4 Be4 27. Qf4 Qxb3
28. Qg4 Bg6 29. Rb1 Rxd4 30. Qxg6 Qxa4 31. Qf5 Rd5 32. Qf4 Qxf4 33. exf4 b6 34.
e4 Rd4 35. e5 g6 36. Re3 c5 37. Kg2 c4 38. Rb4 Rc8 39. Rc3 Rc5 40. Kf3 b5 41.
Ra3 Rd7 42. Ra5 Rb7 43. Rb2 c3 44. Rc2 Rc8 0-1

[Event "4th Al Ain Chess Classic"]
[Site "Al-Ain UAE"]
[Date "2015.12.23"]
[Round "1.43"]
[White "Deepan, Chakkravarthy J."]
[Black "Elmejbri, Ali A."]
[Result "1-0"]
[WhiteTitle "GM"]
[BlackTitle "FM"]
[WhiteElo "2496"]
[BlackElo "2031"]
[WhiteFideId "5011132"]
[BlackFideId "9200398"]
[EventDate "2015.12.23"]

1. e4 d5 2. exd5 Nf6 3. d4 Nxd5 4. c4 Nb4 5. a3 N4a6 6. Nc3 g6 7. Be3 Bg7 8. Qd2
O-O 9. Nf3 Re8 10. Be2 Bg4 11. h3 Bxf3 12. Bxf3 c6 13. O-O-O e5 14. dxe5 Qxd2+
15. Rxd2 Bxe5 16. Ne4 Nc7 17. Nd6 Bxd6 18. Rxd6 Ne6 19. Rhd1 Na6 20. b4 Rad8 21.
Rxd8 Rxd8 22. Rxd8+ Nxd8 23. Bxa7 Ne6 24. Kb2 Kf8 25. Kc3 Ke7 26. a4 Kd6 27. a5
Ng5 28. b5 Nc5 29. Be2 f5 30. Kb4 Nge6 31. Bb8+ Kd7 32. Be5 Ke7 33. f4 Kd7 34.
g4 Ke7 35. h4 Kd7 36. gxf5 gxf5 37. Bf1 Ke7 38. Bh3 Nd3+ 39. Kc3 Nxe5 40. fxe5 1-0

[Event "4th Al Ain Chess Classic"]
[Site "Al-Ain UAE"]
[Date "2015.12.23"]
[Round "1.44"]
[White "Guliyev, Gasan"]
[Black "Ankit, R. Rajpara"]
[Result "0-1"]
[BlackTitle "GM"]
[WhiteElo "2019"]
[BlackElo "2489"]
[WhiteFideId "13404407"]
[BlackFideId "5023335"]
[EventDate "2015.12.23"]

1. d4 d5 2. Nf3 Nf6 3. e3 c6 4. b3 Bf5 5. Bd3 Bg6 6. Ne5 Nbd7 7. Nxg6 hxg6 8.
Bb2 e6 9. Nd2 Bd6 10. e4 dxe4 11. Nxe4 Nxe4 12. Bxe4 Ba3 13. Bxa3 Qa5+ 14. c3
Qxa3 15. O-O Nf6 16. Bf3 O-O 17. Qc1 Qe7 18. Qg5 Rfd8 19. Rfe1 Rac8 20. Rad1 Rd6
21. g3 Rcd8 22. Kg2 R8d7 23. h4 Qd8 24. Rh1 b6 25. Qc1 c5 26. dxc5 bxc5 27. Rxd6
Rxd6 28. Rd1 Rxd1 29. Bxd1 Qa5 30. a3 Nd5 31. b4 Qc7 32. bxc5 Qxc5 33. c4 Nb6
34. Be2 Qc6+ 35. Kh2 Nd7 36. Qg5 Qb6 37. Qe3 Qxe3 38. fxe3 Kf8 39. Kg2 Ke7 40.
Kf2 Kd6 41. Ke1 Nc5 42. Bf3 Nb3 43. h5 gxh5 44. Bxh5 g6 45. Bd1 Na5 46. Ke2 Nxc4
47. a4 Ne5 48. Kd2 Kc5 49. Kc3 Nc4 50. e4 a5 51. Be2 Ne5 52. Bb5 g5 53. Be8 f6
54. Bh5 Nc4 55. Bg4 Nd6 56. Kd3 e5 57. Bd7 Kb4 58. Bc6 Nc4 59. Ke2 Nb2 60. Ke3 0-1

[Event "4th Al Ain Chess Classic"]
[Site "Al-Ain UAE"]
[Date "2015.12.23"]
[Round "1.45"]
[White "Hayrapetyan, Hovik"]
[Black "Parnali, S Dharia"]
[Result "1-0"]
[WhiteTitle "GM"]
[BlackTitle "WIM"]
[WhiteElo "2489"]
[BlackElo "2002"]
[WhiteFideId "13302639"]
[BlackFideId "5043131"]
[EventDate "2015.12.23"]

1. c4 e6 2. Nc3 d5 3. e3 Nf6 4. Nf3 Bd6 5. b3 c6 6. Bb2 Nbd7 7. Qc2 O-O 8. Be2
Re8 9. O-O e5 10. cxd5 Nxd5 11. a3 N7f6 12. d3 Nxc3 13. Qxc3 a5 14. Nd2 Nd5 15.
Qc2 Bc7 16. Bf3 Be6 17. d4 exd4 18. Bxd4 Qh4 19. g3 Qg5 20. e4 Nf4 21. Be3 Nh3+
22. Kh1 Qf6 23. Bg2 Be5 24. Rad1 Bd4 25. Nc4 Rad8 26. f4 Bxe3 27. Nxe3 Rxd1 28.
Qxd1 Qc3 29. Qe2 Bc8 30. g4 1-0

[Event "4th Al Ain Chess Classic"]
[Site "Al-Ain UAE"]
[Date "2015.12.23"]
[Round "1.46"]
[White "Abtini, Hasan"]
[Black "Gasanov, Eldar"]
[Result "0-1"]
[BlackTitle "GM"]
[WhiteElo "1992"]
[BlackElo "2485"]
[WhiteFideId "7601506"]
[BlackFideId "14104466"]
[EventDate "2015.12.23"]

1. Nf3 c5 2. g3 g6 3. Bg2 Bg7 4. O-O Nc6 5. c4 e6 6. e4 Nge7 7. Nc3 O-O 8. d3 d6
9. Be3 Nd4 10. Qd2 Nec6 11. Ne1 Rb8 12. f4 Bd7 13. g4 f5 14. exf5 gxf5 15. g5 b5
16. Rb1 Qa5 17. Nxb5 Qxa2 18. Nc2 Nxb5 19. cxb5 Rxb5 20. Na3 Rbb8 21. Bxc6 Bxc6
22. Nc4 Qb3 23. Na5 Qb5 24. Nxc6 Qxc6 25. b4 cxb4 26. Rxb4 Bc3 27. Rxb8 Bxd2 28.
Rxf8+ Kxf8 29. Bxd2 Qc2 30. Be3 a5 31. Ra1 a4 0-1

[Event "4th Al Ain Chess Classic"]
[Site "Al-Ain UAE"]
[Date "2015.12.23"]
[Round "1.47"]
[White "Swayams, Mishra"]
[Black "Ahmed, Fareed"]
[Result "1-0"]
[WhiteTitle "IM"]
[BlackTitle "FM"]
[WhiteElo "2477"]
[BlackElo "1970"]
[WhiteFideId "5028183"]
[BlackFideId "9303677"]
[EventDate "2015.12.23"]

1. d4 Nf6 2. c4 e6 3. Nc3 Bb4 4. e3 c5 5. Ne2 d5 6. a3 Bxc3+ 7. Nxc3 cxd4 8.
exd4 dxc4 9. Bxc4 Nc6 10. Be3 O-O 11. O-O h6 12. Qd3 b6 13. Rfd1 Bb7 14. Rac1
Qd7 15. Ba2 Rfd8 16. Bb1 Rac8 17. f3 Na5 18. Ne4 Nd5 19. Bd2 Nc6 20. Nc3 Nf6 21.
Be3 Na5 22. Ne4 Nd5 23. Bd2 Rxc1 24. Rxc1 Rc8 25. Re1 Bc6 26. Nd6 Ra8 27. Qh7+
Kf8 28. Qh8+ Ke7 29. Nf5+ 1-0

[Event "4th Al Ain Chess Classic"]
[Site "Al-Ain UAE"]
[Date "2015.12.23"]
[Round "1.48"]
[White "Afshar, Niusha"]
[Black "Mollah Abdullah, Al Rakib"]
[Result "0-1"]
[BlackTitle "GM"]
[WhiteElo "1961"]
[BlackElo "2472"]
[WhiteFideId "12509892"]
[BlackFideId "10200444"]
[EventDate "2015.12.23"]

1. e4 e5 2. Nf3 Nc6 3. Bc4 d6 4. h3 g6 5. d4 exd4 6. Nxd4 Bg7 7. Be3 Nf6 8. Nxc6
bxc6 9. Nc3 O-O 10. O-O Re8 11. Bg5 h6 12. Bh4 g5 13. Bg3 Nxe4 14. Nxe4 Rxe4 15.
Bxf7+ Kxf7 16. Qf3+ Rf4 17. Bxf4 gxf4 18. Qxc6 Be6 19. Qe4 Qg5 20. Rad1 Rg8 21.
Rfe1 Be5 22. Qf3 Kf6 23. c3 Bf7 24. Qg4 Qxg4 25. hxg4 Rxg4 26. f3 Rg8 27. a3 c5
28. b4 Rc8 29. Rc1 d5 30. b5 d4 31. cxd4 Bxd4+ 32. Kh2 c4 33. Re4 Be3 34. Rd1 c3
35. Rd6+ Kg7 36. Rc6 Rxc6 37. bxc6 c2 0-1

[Event "4th Al Ain Chess Classic"]
[Site "Al-Ain UAE"]
[Date "2015.12.23"]
[Round "1.49"]
[White "Petrosyan, Tigran S."]
[Black "Asgarova, Turan"]
[Result "1-0"]
[WhiteTitle "IM"]
[WhiteElo "2469"]
[BlackElo "1935"]
[WhiteFideId "13303678"]
[BlackFideId "13403451"]
[EventDate "2015.12.23"]

1. Nf3 g6 2. d4 Bg7 3. c4 Nf6 4. g3 d6 5. Bg2 O-O 6. O-O c5 7. Nc3 Nc6 8. d5 Na5
9. Nd2 a6 10. Qc2 Rb8 11. Rb1 b5 12. b3 Bf5 13. e4 Bd7 14. Bb2 bxc4 15. bxc4 e6
16. Ba1 Qc7 17. Rxb8 Rxb8 18. Re1 Rb4 19. Nd1 Ba4 20. Qc1 e5 21. Bc3 Rxc4 22.
Nxc4 Nxc4 23. Bf1 Nb6 24. Bxa6 Qa7 25. Bd3 h5 26. Qa3 Qd7 27. Ba5 Nc8 28. Nc3 c4
29. Bxc4 Bc2 30. Re2 1-0